EU chce ulevit silnicím
Zameranie a význam programu Marco Polo v napĺňaní Európskej dopravnej politiky pre rok 2010, Bielej knihy Komisie ES. Podpora rozvoju sektora cestnej nákladnej a kombinovanej dopravy v EÚ a kandidátskych krajinách. Finančný rozpočet programu. Podmienky poskytnutia finančných prostriedkov programu pr...
Gespeichert in:
| 1. Verfasser: | |
|---|---|
| Format: | Buchkapitel |
| Sprache: | Tschechisch |
| Schlagworte: | |
| Tags: |
Keine Tags, Fügen Sie das erste Tag hinzu!
|
MARC
| LEADER | 00000naa a2200000 4500 | ||
|---|---|---|---|
| 001 | r044586 | ||
| 005 | 20231003123522.8 | ||
| 041 | 0 | |a cze | |
| 044 | |a CZ | ||
| 245 | 1 | 0 | |a EU chce ulevit silnicím |c Ivo Novák |
| 520 | |a Zameranie a význam programu Marco Polo v napĺňaní Európskej dopravnej politiky pre rok 2010, Bielej knihy Komisie ES. Podpora rozvoju sektora cestnej nákladnej a kombinovanej dopravy v EÚ a kandidátskych krajinách. Finančný rozpočet programu. Podmienky poskytnutia finančných prostriedkov programu pre uchádzačov. | ||
| 610 | 2 | 0 | |a Európska únia |
| 610 | 2 | 0 | |a politika dopravná |
| 610 | 2 | 0 | |a programy rozvojové |
| 610 | 2 | 0 | |a SVE |
| 610 | 2 | 0 | |a doprava cestná nákladná |
| 100 | 1 | |a Novák, Ivo | |